[Event "WLS-chB 68th"]
[Site "Cardiff"]
[Date "2024.04.01"]
[Round "7"]
[White "Mba, Reginald"]
[Black "Swamy, Anshul"]
[Result "1-0"]
[WhiteElo "1855"]
[BlackElo "1684"]
[PlyCount "60"]
[EventDate "2024.03.29"]
[EventType "swiss"]
[EventRounds "7"]
[EventCountry "WLS"]
[SourceTitle "CBM 219 Extra"]
[Source "ChessBase"]
[SourceDate "2024.05.31"]
[SourceVersion "1"]
[SourceVersionDate "2024.05.31"]
[SourceQuality "1"]

1. d4 d5 2. Nc3 Nf6 3. Bf4 a6 4. e3 Bf5 5. f3 Nc6 6. a3 e6 7. g4 Bg6 8. h4 h6 9. h5 Bh7 10. Bd3 Bd6 11. Nh3 Qe7 12. Qe2 0-0-0 13. 0-0-0 Rde8 14. Rhe1 Kb8 15. Bxh7 Rxh7 16. Bh2 Bxh2 17. Qxh2 Rd8 18. Nf4 Qd6 19. Qe2 Rhh8 20. Kb1 Rhe8 21. Nd3 e5 22. dxe5 Nxe5 23. Nxe5 Qxe5 24. Qf2 Re7 25. Re2 Rd6 26. Rd3 Qe6 27. Red2 Qd7 28. Ne2 Qe8 29. Nd4 Rd8 30. Nf5 Red7 1-0

[Event "Cardiff Welsh Spring op"]
[Site "Cardiff"]
[Date "2023.03.04"]
[Round "1"]
[White "Forsey, Tomas"]
[Black "Mba, Reginald"]
[Result "0-1"]
[WhiteElo "1216"]
[BlackElo "1811"]
[PlyCount "89"]
[EventDate "2023.03.04"]
[EventType "swiss"]
[EventRounds "5"]
[EventCountry "WLS"]
[SourceTitle "EXT 2024"]
[Source "ChessBase"]
[SourceDate "2023.10.10"]
[SourceVersion "1"]
[SourceVersionDate "2023.10.10"]
[SourceQuality "1"]

1. c4 e6 2. Nc3 d5 3. d4 Nf6 4. g3 dxc4 5. Bg2 c5 6. Nf3 Nc6 7. dxc5 Qxd1+ 8. Nxd1 Bxc5 9. 0-0 0-0 10. Bg5 Nd5 11. Rc1 Nb6 12. Nc3 f6 13. Bf4 e5 14. Bd2 Rd8 15. Rfd1 Be6 16. Ne4 Be7 17. Be3 Na4 18. Rxd8+ Rxd8 19. Rb1 f5 20. Neg5 Bc8 21. Ne1 e4 22. Nh3 Nd4 23. Kf1 a6 24. Nf4 g5 25. Nh3 h6 26. Ng1 b5 27. f3 Bb7 28. b3 Nc3 29. Rb2 Nd1 30. Bxd4 Rxd4 31. Nc2 Rd8 32. Rb1 Nc3 33. Ra1 Bc5 34. bxc4 bxc4 35. a4 Rd2 36. Na3 Bxa3 37. Rxa3 Rd1+ 38. Kf2 Nb1 39. Ra1 e3+ 40. Kxe3 Rxg1 41. Bh3 Bc8 42. Kd4 Rd1+ 43. Ke5 c3 44. Bxf5 Bxf5 45. Kxf5 0-1